Stati per minore popolazione - Eurasia - Statistics

Statistiche generali
  • Questo quiz è stato fatto 6 volte
  • Il punteggio medio è 8 su 10
Statistiche sulle risposte
Popolazione (ab.) Nazione % Corretto
78 000 Andorra
100%
800 Città del Vaticano
100%
37 000 Liechtenstein
100%
570 000 Lussemburgo
100%
425 000 Malta
100%
33 000 San Marino
100%
38 000 Monaco
83%
421 000 Brunei
50%
331 000 Islanda
50%
345 000 Maldive
33%
Nessun quiz corrispondente trovato
Distribuzione punteggi
Percentuale di utenti per punteggio
Percentile per numero di risposta
I tuoi punteggi nel tempo
Non hai fatto questo quiz